Environmental Technologies to treat Nitrogen pollution
Furkejuvvon:
| Váldodahkki: | |
|---|---|
| Materiálatiipa: | Girji |
| Giella: | eaŋgalasgiella |
| Almmustuhtton: |
Londres
IWA
2009
|
| Fáttát: | |
| Fáddágilkorat: |
Lasit fáddágilkoriid
Eai fáddágilkorat, Lasit vuosttaš fáddágilkora!
|
MARC
| LEADER | 00000nam a2200000 a 4500 | ||
|---|---|---|---|
| 001 | UCH4680 | ||
| 003 | CL-VaPUC | ||
| 008 | 090827e20090000UK |||||||||||||||||eng|d | ||
| 020 | |a 9781843392224 | ||
| 082 | 0 | 4 | |a 628.5 |b CER |2 21 |
| 100 | 0 | |a Cervantes, Francisco J |e author |9 540352 | |
| 245 | 1 | 0 | |a Environmental Technologies to treat Nitrogen pollution |
| 300 | |a 420 p | ||
| 942 | |c BK | ||
| 945 | |d 20090827 00:00:00 |a dcastane | ||
| 260 | |a Londres |b IWA |c 2009 | ||
| 650 | 0 | |a Tratamiento del agua |9 262889 | |
| 650 | 0 | |a Residuos industriales |9 261421 | |
| 650 | 0 | |a Agua industrial |9 363981 | |
| 650 | 0 | |a Tratamiento de residuos |9 262890 | |
| 650 | 0 | |a Aguas residuales |9 262614 | |
| 650 | 7 | |a CONTAMINANTES DEL AGUA |2 CL-VaPUC |9 361613 | |
| 650 | 7 | |a NITROGENO |2 CL-VaPUC |9 358135 | |
| 583 | |a last modification |c 20090827 00:00:00 |k Rodrigo Vera | ||
| 999 | |c 335951 |d 335949 | ||
| 952 | |0 0 |1 0 |4 0 |6 628_500000000000000_CER_2009 |7 0 |8 A |9 426810 |a BIBING |b BIBING |d 2019-11-22 |i 4593448 |o 628.5 CER 2009 |p 4593448 |r 2025-01-20 |w 2019-11-22 |y BK |k EIB | ||